000 00943nam a2200277Ia 4500
003 OSt
005 20221002045412.0
006 a|||||r|||| 00| 0
007 ta
008 220930b |||||||| |||| 00| 0 eng d
020 _a9781474428392 (pbk)
_cUKP 24.99
024 _a35022
037 _b8204, 15/09/2017, Efficient Book Distributors
_cReference Collections
040 _aCRL
_cCRL
_beng
041 _2eng
_aeng
082 _aW6, Q7(RR)
100 _aRosich Gerard Ed.
_9570488
245 0 _aTrouble with democracy
_b political mondernity in the 21st century
260 _aEdinburgh
_bEdinburgh University Press UK
_c2017
300 _aix,286p.
_ccm.
650 _a POLITICAL SCIENCE
650 _aDEMOCRACY
700 _a Wagner Peter Ed.
_9570489
942 _hW6, Q7(RR)
_cref
_2CC
999 _c912303
_d912303